El chacal de Nahueltoro : emergencia de un nuevo cine chileno /

El Chacal de Nahueltoro es sin duda una película emblemática de nuestro cine nacional. Forma parte del llamado Nuevo Cine Chileno, desarrollado en el contexto del Nuevo Cine Latinoamericano de los años sesenta. Se realización convocó a un puñado de individuos que pronto pasaron a formar parte de los...

Full description

Bibliographic Details
Other Authors: Navarro, Sergio 1965 (coord.)
Format: Libro
Language:Spanish
Published: Santiago, Chile Uqbar 2009
Subjects:

MARC

LEADER 00000cam a2200000 a 4500
001 020087
003 UAHC_CL
005 20170803121831.0
008 120106s2009 cl 000 spa
040 |a UAHC_CL  |c UAHC_CL  |d UAHC_CL 
082 0 4 |a 791.430983  |b C431  |2 22 
245 1 3 |a El chacal de Nahueltoro :  |b emergencia de un nuevo cine chileno /  |c Sergio Navarro coordinador ; Rodrigo Cepeda...[et al.]. 
260 |b Uqbar  |a Santiago, Chile  |c 2009 
300 |a 137 p. 
520 |a El Chacal de Nahueltoro es sin duda una película emblemática de nuestro cine nacional. Forma parte del llamado Nuevo Cine Chileno, desarrollado en el contexto del Nuevo Cine Latinoamericano de los años sesenta. Se realización convocó a un puñado de individuos que pronto pasaron a formar parte de los referentes inevitables de nuestra historia fílmica, como Miguel Littin, Héctor Ríos, Pedro Chaskel, Nelson Villagra, Luis Alarcón y Héctor Noguera, por citar a algunos. 
630 0 4 |a El Chacal de Nahueltoro (Película cinematográfica) 
650 4 |a CINE  |z CHILE 
700 1 |a Navarro, Sergio  |d 1965  |e coord. 
900 |a 791.430983 CHA 
942 |c BK 
952 |0 0  |1 0  |4 0  |6 791_430983000000000_CHA  |7 0  |8 General  |9 40335  |a BS  |b BS  |c General  |d 2017-08-03  |l 1  |o 791.430983 CHA  |p 1390751  |q 2021-10-29  |r 2020-03-10 00:00:00  |s 2020-03-10  |t 3  |w 2017-08-03  |y BK 
999 |c 20087  |d 20087